[Event "EOBCC 2020"]
[Site "Online"]
[Date "2020.12.18"]
[Round "3.26"]
[White "Gajewski, Grzegorz"]
[Black "Razin, Vadim"]
[Result "1-0"]
[WhiteElo "2596"]
[BlackElo "2428"]
[PlyCount "75"]
[EventDate "2020.12.18"]
[EventType "tourn"]
[EventCountry "NET"]

1. d4 d5 2. c4 dxc4 3. e4 c5 4. d5 Nf6 5. Nc3 e6 6. Bxc4 exd5 7. exd5 a6 8. a4 Bd6 9. h3 O-O 10. Nf3 Re8+ 11. Be3 Bf5 12. O-O h6 13. Re1 Nbd7 14. a5 Ne4 15. Nxe4 Bxe4 16. Nd2 Bg6 17. Bf1 Ne5 18. Qb3 Qc7 19. Rec1 Rac8 20. Ra4 Qd7 21. Nc4 Nxc4 22. Raxc4 Be4 23. Qd1 Bxd5 24. R4c3 Be5 25. Rd3 Red8 26. Rxc5 Rxc5 27. Bxc5 Qc6 28. Bb6 Rd6 29. Bd4 Re6 30. Rc3 Qd7 31. Bxe5 Rxe5 32. Qd4 Qe6 33. f3 Re1 34. Kf2 Ra1 35. Re3 Qc6 36. Bd3 Rc1 37. Qxd5 Qxd5 38. Re8# 1-0

[Event "EOBCC 2020"]
[Site "Online"]
[Date "2020.12.18"]
[Round "3.27"]
[White "Wagner, Dennis"]
[Black "Bazeev, German"]
[Result "1-0"]
[WhiteElo "2581"]
[BlackElo "2398"]
[PlyCount "71"]
[EventDate "2020.12.18"]
[EventType "tourn"]
[EventCountry "NET"]

1. c4 e5 2. d3 d6 3. g3 f5 4. Bg2 Nf6 5. Nc3 Be7 6. Nf3 O-O 7. b4 Kh8 8. Rb1 Na6 9. O-O c6 10. b5 Nc7 11. a4 Bd7 12. Ba3 Ne6 13. bxc6 bxc6 14. Rb7 c5 15. Nd2 a6 16. e3 Rb8 17. Qb1 f4 18. Qb2 Ng5 19. exf4 exf4 20. Re1 Rxb7 21. Qxb7 Ng4 22. Nd5 Bf6 23. Nxf6 Qxf6 24. Bb2 Ne5 25. Bxe5 dxe5 26. Qxd7 fxg3 27. Rf1 gxf2+ 28. Kh1 Qf4 29. Ne4 Nxe4 30. Bxe4 a5 31. Qh3 h6 32. Kg2 Rf6 33. Qg3 Qd2 34. Rxf2 Rxf2+ 35. Qxf2 Qg5+ 36. Qg3 1-0

[Event "EOBCC 2020"]
[Site "Online"]
[Date "2020.12.18"]
[Round "3.28"]
[White "Bogner, Sebastian"]
[Black "Ozen, Deniz"]
[Result "0-1"]
[WhiteElo "2577"]
[BlackElo "2412"]
[PlyCount "40"]
[EventDate "2020.12.18"]
[EventType "tourn"]
[EventCountry "NET"]

1. e4 e5 2. f4 d5 3. exd5 e4 4. d3 Nf6 5. dxe4 Nxe4 6. Nf3 Bc5 7. Qe2 Bf2+ 8. Kd1 Qxd5+ 9. Nbd2 f5 10. Ng5 Bb6 11. Ngxe4 fxe4 12. Qxe4+ Qxe4 13. Nxe4 Nc6 14. c3 Bf5 15. Ng3 O-O-O+ 16. Ke1 Rhe8+ 17. Be2 Bg4 18. h4 Rd7 19. f5 Bxe2 20. Nxe2 Rde7 0-1

[Event "EOBCC 2020"]
[Site "Online"]
[Date "2020.12.18"]
[Round "3.29"]
[White "Asadli, Vugar"]
[Black "Pajeken, Jakob Leon"]
[Result "1-0"]
[WhiteElo "2572"]
[BlackElo "2323"]
[PlyCount "65"]
[EventDate "2020.12.18"]
[EventType "tourn"]
[EventCountry "NET"]

1. e4 e5 2. Nf3 Nc6 3. Nc3 Nf6 4. a3 g6 5. Bc4 Bg7 6. d3 O-O 7. O-O d6 8. h3 h6 9. Be3 Kh7 10. d4 Nd7 11. dxe5 Ndxe5 12. Nxe5 Nxe5 13. Bd5 c6 14. Ba2 Be6 15. f4 Nc4 16. Bxc4 Bxc4 17. Rf2 Qf6 18. Rd2 Rad8 19. Qf3 Rfe8 20. Rad1 Qe7 21. Bd4 Qh4 22. Bxg7 Kxg7 23. Rxd6 Rxd6 24. Rxd6 Qe1+ 25. Kh2 Qc1 26. b3 Qxa3 27. Rd7 Be6 28. Rxb7 Rd8 29. Na4 Qd6 30. Qc3+ Kg8 31. Qf6 Qd1 32. Nc5 Bxh3 33. Qxf7+ 1-0

[Event "EOBCC 2020"]
[Site "Online"]
[Date "2020.12.18"]
[Round "3.30"]
[White "Karpus, Michal"]
[Black "Agrest, Evgenij"]
[Result "1-0"]
[WhiteElo "2311"]
[BlackElo "2568"]
[PlyCount "81"]
[EventDate "2020.12.18"]
[EventType "tourn"]
[EventCountry "NET"]

1. e4 d6 2. d4 g6 3. Nc3 Bg7 4. f4 a6 5. Nf3 Nd7 6. Bd3 c5 7. dxc5 Nxc5 8. O-O Nf6 9. a4 O-O 10. Qe2 Bg4 11. Kh1 Rc8 12. Be3 e6 13. Rad1 Qc7 14. h3 Bxf3 15. Qxf3 Nxd3 16. cxd3 Rfd8 17. f5 exf5 18. exf5 Qc6 19. Qf2 d5 20. Bg5 Rf8 21. Qh4 d4 22. Ne4 Nxe4 23. dxe4 gxf5 24. exf5 f6 25. Bh6 Rf7 26. Rxd4 Bxh6 27. Qxh6 Rg7 28. Rf2 Re8 29. Qf4 Rge7 30. Kh2 Kh8 31. Rd6 Qc5 32. Re6 b5 33. axb5 a5 34. b6 Qb5 35. Rxe7 Rxe7 36. Qd6 Rf7 37. Rc2 Kg7 38. Rc7 Qxb2 39. Rxf7+ Kxf7 40. Qc7+ Kg8 41. b7 1-0

[Event "EOBCC 2020"]
[Site "Online"]
[Date "2020.12.18"]
[Round "3.31"]
[White "Sanal, Vahap"]
[Black "Beydullayeva, Govhar"]
[Result "1-0"]
[WhiteElo "2557"]
[BlackElo "2263"]
[PlyCount "49"]
[EventDate "2020.12.18"]
[EventType "tourn"]
[EventCountry "NET"]

1. e4 c5 2. Nc3 d6 3. Nf3 Nf6 4. d4 cxd4 5. Nxd4 a6 6. a3 e5 7. Nf5 d5 8. Bg5 d4 9. Bxf6 gxf6 10. Nb1 Rg8 11. Nd2 Nc6 12. Qh5 Rg5 13. Qxh7 Bxf5 14. exf5 Qa5 15. Rd1 e4 16. b4 Qxa3 17. Bc4 Ne5 18. O-O Nxc4 19. Nxe4 O-O-O 20. Nxg5 fxg5 21. Qxf7 Nb2 22. Qe6+ Kb8 23. Rb1 Na4 24. Qf6 Rc8 25. Qxd4 1-0

[Event "EOBCC 2020"]
[Site "Online"]
[Date "2020.12.18"]
[Round "3.32"]
[White "Eren, Ataberk"]
[Black "Moroni, Luca Jr"]
[Result "0-1"]
[WhiteElo "2321"]
[BlackElo "2562"]
[PlyCount "74"]
[EventDate "2020.12.18"]
[EventType "tourn"]
[EventCountry "NET"]

1. d4 Nf6 2. Nf3 e6 3. Bf4 b6 4. e3 Bb7 5. Nbd2 d6 6. a4 a5 7. Be2 Nbd7 8. h3 g6 9. O-O Bg7 10. Re1 O-O 11. Bf1 Re8 12. Bh2 Qe7 13. c4 e5 14. Nb3 c5 15. d5 Nh5 16. e4 Nb8 17. Nbd2 Na6 18. Nb1 Nb4 19. Nc3 Bc8 20. Nb5 Rf8 21. Ra3 f5 22. exf5 Bxf5 23. g4 Bc2 24. Qc1 Nf6 25. Ng5 Bh6 26. f4 Bxg5 27. fxg5 Ne8 28. Rae3 Bxa4 29. Nxd6 Nxd6 30. Rxe5 Qf7 31. Re7 Qf2+ 32. Kh1 Rad8 33. Qc3 Qd4 34. Qxd4 cxd4 35. Be5 Rf7 36. Rxf7 Nxf7 37. Bf6 Rc8 0-1

[Event "EOBCC 2020"]
[Site "Online"]
[Date "2020.12.18"]
[Round "3.33"]
[White "Brunello, Sabino"]
[Black "Sargissian, Gabriel"]
[Result "0-1"]
[WhiteElo "2519"]
[BlackElo "2682"]
[PlyCount "108"]
[EventDate "2020.12.18"]
[EventType "tourn"]
[EventCountry "NET"]

1. d4 Nf6 2. c4 e6 3. Nc3 Bb4 4. e3 O-O 5. Bd3 d5 6. Nge2 dxc4 7. Bxc4 Be7 8. O-O c5 9. a3 Nbd7 10. Ba2 b6 11. e4 cxd4 12. Nxd4 Bb7 13. f3 Bc5 14. Be3 Ne5 15. b4 Be7 16. Rc1 Rc8 17. Nxe6 fxe6 18. Bxe6+ Kh8 19. Bxc8 Qxc8 20. Nd5 Qe6 21. Nxe7 Qxe7 22. Qc2 Ba6 23. Rfd1 Nc4 24. Bf2 Ne5 25. Qc7 Qe8 26. Qxa7 Be2 27. Rd2 Bxf3 28. Qxb6 Nxe4 29. Rdc2 Nxf2 30. Rxf2 Nd3 31. Rxf3 Rxf3 32. gxf3 Nxc1 33. Qd6 Ne2+ 34. Kf2 Nc3 35. Qd3 Na4 36. b5 h6 37. Qc4 Qa8 38. Qb4 Qa7+ 39. Kg2 Nb6 40. Qd4 Kg8 41. Qd8+ Kf7 42. Qd4 Kf8 43. Qf4+ Ke7 44. Qd4 Kf7 45. Qf4+ Ke8 46. Qe5+ Qe7 47. Qb8+ Qd8 48. Qe5+ Kf8 49. Qf4+ Qf6 50. Qb8+ Kf7 51. Qc7+ Kg6 52. Qc2+ Kf7 53. Qc7+ Kg8 54. Qc5 Kh7 0-1

[Event "EOBCC 2020"]
[Site "Online"]
[Date "2020.12.18"]
[Round "3.34"]
[White "Khanin, Semen"]
[Black "Grandelius, Nils"]
[Result "1-0"]
[WhiteElo "2511"]
[BlackElo "2663"]
[PlyCount "109"]
[EventDate "2020.12.18"]
[EventType "tourn"]
[EventCountry "NET"]

1. e4 c6 2. d4 d5 3. Nd2 dxe4 4. Nxe4 Nf6 5. Nxf6+ exf6 6. c3 Bd6 7. Bd3 O-O 8. Qc2 Re8+ 9. Ne2 h5 10. O-O h4 11. Nf4 Nd7 12. Qd1 Nf8 13. Qh5 Bxf4 14. Bxf4 h3 15. gxh3 Be6 16. Rfe1 Bd5 17. Re3 Rxe3 18. fxe3 Qe7 19. Re1 Be4 20. Qe2 Ng6 21. Bg3 Re8 22. Bxe4 Qxe4 23. Qg2 Qe6 24. e4 Qxa2 25. h4 Qa5 26. Qf3 Nf8 27. h5 Qg5 28. Kh1 Ne6 29. Rg1 Qh6 30. h4 Kh7 31. Qf5+ Kh8 32. d5 cxd5 33. exd5 Nc5 34. d6 Qe3 35. h6 Qe4+ 36. Qxe4 Nxe4 37. hxg7+ Kg8 38. Bf4 Nf2+ 39. Kg2 Nd3 40. Kf3 Rd8 41. Rd1 Nc5 42. Rd5 Nd7 43. c4 Rc8 44. b3 Kxg7 45. Be3 Ne5+ 46. Ke4 a6 47. Rxe5 fxe5 48. Kxe5 Re8+ 49. Kd4 Rd8 50. Kd5 f6 51. Bb6 Rd7 52. Ke6 Rf7 53. d7 Rf8 54. d8=Q Rxd8 55. Bxd8 1-0

[Event "EOBCC 2020"]
[Site "Online"]
[Date "2020.12.18"]
[Round "3.35"]
[White "Livaic, Leon"]
[Black "Shirov, Alexei"]
[Result "1/2-1/2"]
[WhiteElo "2507"]
[BlackElo "2662"]
[PlyCount "124"]
[EventDate "2020.12.18"]
[EventType "tourn"]
[EventCountry "NET"]

1. d4 d5 2. c4 c6 3. cxd5 cxd5 4. Bf4 Nc6 5. e3 Nf6 6. Nc3 Bg4 7. Qb3 Na5 8. Qa4+ Bd7 9. Qc2 Rc8 10. Bd3 b5 11. a3 g6 12. h3 Bg7 13. Nf3 O-O 14. O-O Ne4 15. Bxe4 dxe4 16. Nd2 f5 17. b4 Nc4 18. Nxc4 Rxc4 19. Qb3 Kh8 20. Rac1 Be6 21. Qb2 Qb6 22. Nb1 Rfc8 23. Nd2 R4c6 24. Qb1 Kg8 25. Rc5 Rxc5 26. bxc5 Qa5 27. Qb4 Qxb4 28. axb4 Rc6 29. Ra1 a6 30. Nb1 Bc4 31. Nc3 Kf7 32. f3 exf3 33. gxf3 Bf6 34. Kf2 g5 35. Be5 Bxe5 36. dxe5 f4 37. Ne4 h6 38. h4 Bd5 39. hxg5 Bxe4 40. fxe4 fxe3+ 41. Kxe3 hxg5 42. Kf3 Ke6 43. Rg1 a5 44. bxa5 Rxc5 45. Rxg5 b4 46. a6 b3 47. Rg6+ Kd7 48. Rb6 Rxe5 49. Rxb3 Ra5 50. Rb6 Kc7 51. Rh6 Kd7 52. Kf4 Ra1 53. Rb6 Kc7 54. Rb7+ Kd6 55. e5+ Ke6 56. a7 Ra4+ 57. Ke3 Kxe5 58. Rxe7+ Kd6 59. Rh7 Kc6 60. Kd3 Kb6 61. Kc3 Rxa7 62. Rxa7 Kxa7 1/2-1/2

[Event "EOBCC 2020"]
[Site "Online"]
[Date "2020.12.18"]
[Round "3.36"]
[White "Davtyan, Artur"]
[Black "Kovalenko, Igor"]
[Result "1-0"]
[WhiteElo "2466"]
[BlackElo "2643"]
[PlyCount "79"]
[EventDate "2020.12.18"]
[EventType "tourn"]
[EventCountry "NET"]

1. d4 Nf6 2. c4 e6 3. Nf3 b6 4. g3 Ba6 5. Qc2 Bb4+ 6. Bd2 c5 7. Bxb4 cxb4 8. Nbd2 Nc6 9. Bg2 Rc8 10. O-O Na5 11. Rfc1 Bxc4 12. Nxc4 Rxc4 13. Qa4 O-O 14. Rxc4 Nxc4 15. b3 Na5 16. Qxb4 Qc7 17. Ne5 Qc2 18. Qe1 Qb2 19. b4 Nc6 20. Bxc6 dxc6 21. Nxc6 Nd5 22. Nxa7 Qxd4 23. a3 Nc3 24. Nc6 Nxe2+ 25. Kf1 Qb2 26. Rd1 Nc3 27. Ne7+ Kh8 28. Rd3 Nb5 29. a4 Qc2 30. Qd1 Qxd1+ 31. Rxd1 Nc7 32. Rd7 Na6 33. Nc6 Ra8 34. Rxf7 Kg8 35. Re7 Rc8 36. Rxe6 Kf7 37. Rd6 Rc7 38. Ne5+ Ke7 39. Rxb6 Ra7 40. Nc6+ 1-0

[Event "EOBCC 2020"]
[Site "Online"]
[Date "2020.12.18"]
[Round "3.37"]
[White "Shahinyan, David"]
[Black "Martirosyan, Haik M."]
[Result "0-1"]
[WhiteElo "2452"]
[BlackElo "2622"]
[PlyCount "98"]
[EventDate "2020.12.18"]
[EventType "tourn"]
[EventCountry "NET"]

1. e4 e5 2. Nf3 Nc6 3. d4 exd4 4. Nxd4 Bc5 5. Nb3 Bb4+ 6. c3 Be7 7. c4 Nf6 8. Bd3 a5 9. Be3 O-O 10. O-O Re8 11. f3 a4 12. N3d2 b6 13. Nc3 a3 14. b3 Bc5 15. Qe2 Nb4 16. Bxc5 bxc5 17. Rfd1 d6 18. Nf1 Be6 19. Ne3 c6 20. Qf2 Qe7 21. Nc2 Nd7 22. Nxb4 cxb4 23. Ne2 c5 24. Rd2 Ne5 25. Rad1 h6 26. Qg3 Ra6 27. Nf4 Qg5 28. Be2 Rd8 29. Kf2 Kf8 30. Nd3 Rc8 31. f4 Qf6 32. Nxe5 dxe5 33. f5 g6 34. Qf3 gxf5 35. exf5 Qxf5 36. Kg1 Qg5 37. Rd6 Rxd6 38. Rxd6 Kg7 39. Rc6 Rxc6 40. Qxc6 Qe3+ 41. Kf1 e4 42. Qd6 Qd4 43. Qg3+ Kh7 44. Qf4 e3 45. Qxd4 cxd4 46. Bd3+ Kg7 47. Ke2 Kf6 48. Be4 Ke5 49. Bf3 f5 0-1

[Event "EOBCC 2020"]
[Site "Online"]
[Date "2020.12.18"]
[Round "3.38"]
[White "Piorun, Kacper"]
[Black "Grinev, Valeriy"]
[Result "1/2-1/2"]
[WhiteElo "2615"]
[BlackElo "2441"]
[PlyCount "152"]
[EventDate "2020.12.18"]
[EventType "tourn"]
[EventCountry "NET"]

1. e4 c5 2. Nc3 a6 3. g3 b5 4. Qe2 Bb7 5. Bg2 e6 6. f4 d6 7. Nf3 Nf6 8. d3 Be7 9. O-O Nc6 10. Kh1 O-O 11. Be3 d5 12. e5 d4 13. exf6 Bxf6 14. Ne4 dxe3 15. c3 Be7 16. Qxe3 Rc8 17. Rad1 Nb8 18. Ne5 Nd7 19. d4 Nxe5 20. dxe5 Qc7 21. Rd2 Bxe4 22. Bxe4 Rfd8 23. Rg2 g6 24. h4 c4 25. h5 Rd7 26. Qf3 Rcd8 27. Rff2 Rd1+ 28. Kh2 Bc5 29. Rc2 Re1 30. Rge2 Rdd1 31. Qg4 Kg7 32. Bg2 Qd8 33. Be4 Ba7 34. Kh3 Rg1 35. Rg2 Rxg2 36. Rxg2 Rh1+ 37. Rh2 Rxh2+ 38. Kxh2 Qd2+ 39. Kh3 Bg1 40. Bg2 Qxb2 41. Qg5 Qa3 42. Qf6+ Kg8 43. Qd8+ Qf8 44. Qxf8+ Kxf8 45. Bb7 a5 46. Ba6 b4 47. cxb4 c3 48. Bd3 axb4 49. hxg6 hxg6 50. Kg2 Bd4 51. Kf3 Ke7 52. Bc2 Kd7 53. Ke4 Bf2 54. g4 Be1 55. Ba4+ Kc7 56. Kd3 Bd2 57. Ke4 g5 58. f5 exf5+ 59. Kxf5 Bf4 60. Bb3 Kd8 61. Ke4 Ke7 62. Kf5 Be3 63. Ke4 Bf4 64. Kf5 Bc1 65. Ke4 f6 66. exf6+ Kxf6 67. Kd5 Bd2 68. Bc2 Bc1 69. Kd6 Ba3 70. Kd5 Kg7 71. Ke6 Kh6 72. Kf6 Bc1 73. Kf5 Bd2 74. Kf6 Bc1 75. Kf5 Bd2 76. Kf6 Bc1 1/2-1/2

[Event "EOBCC 2020"]
[Site "Online"]
[Date "2020.12.18"]
[Round "3.39"]
[White "Svane, Rasmus"]
[Black "Arabidze, Meri"]
[Result "1-0"]
[WhiteElo "2613"]
[BlackElo "2437"]
[PlyCount "263"]
[EventDate "2020.12.18"]
[EventType "tourn"]
[EventCountry "NET"]

1. Nf3 d5 2. g3 Nf6 3. Bg2 e6 4. O-O b5 5. d3 Be7 6. c4 bxc4 7. dxc4 O-O 8. cxd5 exd5 9. Nc3 Be6 10. Nd4 c6 11. Qc2 Qd7 12. e4 Na6 13. Bf4 dxe4 14. Nxe6 Qxe6 15. Nxe4 Nb4 16. Qe2 Nbd5 17. Bd2 Nxe4 18. Qxe4 Qxe4 19. Bxe4 Bf6 20. Rab1 a5 21. Rfc1 Rfc8 22. Rc4 g6 23. Rbc1 Bxb2 24. R1c2 Rcb8 25. Rxc6 Nb4 26. Rxb2 Nxc6 27. Rxb8+ Rxb8 28. Bxc6 Rb2 29. Bxa5 Rxa2 30. Bb4 Rb2 31. Be7 Re2 32. Bg5 Kg7 33. Be3 Ra2 34. Bd4+ Kg8 35. Kg2 Rc2 36. Bf3 Rd2 37. Be3 Ra2 38. g4 Rb2 39. h3 Ra2 40. Kg3 Rb2 41. Bd5 Rb5 42. Be4 Rb4 43. Kf4 Ra4 44. Ke5 Kg7 45. Bd4 f6+ 46. Kd5 h6 47. h4 Kf7 48. h5 gxh5 49. gxh5 Ra5+ 50. Bc5 Ra4 51. Bg6+ Kg7 52. Be3 Ra5+ 53. Kd6 Re5 54. Bd4 Re2 55. Kd5 Re1 56. Bc3 Re2 57. Bd4 Re1 58. Be4 Re2 59. Be3 Re1 60. Ke6 Ra1 61. Bd3 Ra3 62. Be2 Ra2 63. Bg4 Ra6+ 64. Ke7 Ra4 65. Be2 Rb4 66. Bf3 Ra4 67. Bd2 Ra3 68. Bg4 Ra7+ 69. Ke6 Ra6+ 70. Kf5 Ra5+ 71. Kf4 Ra4+ 72. Kg3 Ra3+ 73. Be3 Rb3 74. Be6 Ra3 75. Kf4 Ra5 76. Bf5 Ra4+ 77. Kg3 Ra5 78. Kg4 Ra4+ 79. Bf4 Rb4 80. f3 Ra4 81. Be4 Ra5 82. Bg6 Ra4 83. Kg3 Ra3 84. Bd2 Ra2 85. Bb4 Ra4 86. Bd6 Ra6 87. Bf4 Ra3 88. Kf2 Ra2+ 89. Ke3 Ra3+ 90. Ke2 Ra2+ 91. Bd2 Ra4 92. Bc3 Ra3 93. Kd3 Rb3 94. Kc4 Ra3 95. Be4 Ra2 96. Bd4 Rh2 97. Bg6 Rh3 98. f4 Rh4 99. Be3 Rh3 100. Kd4 Rh1 101. Kd5 Ra1 102. Bd4 Ra6 103. Bd3 Ra5+ 104. Bc5 Ra1 105. Ke6 Re1+ 106. Kf5 Rh1 107. Be2 Rh2 108. Bg4 Rd2 109. Be7 Rd5+ 110. Ke6 Ra5 111. Bxf6+ Kg8 112. Be5 Ra6+ 113. Kf5 Kh7 114. Bf3 Ra4 115. Be4 Ra6 116. Kg4+ Kg8 117. Bg6 Rb6 118. Kf5 Rb5 119. Ke6 Rb6+ 120. Bd6 Rb2 121. f5 Re2+ 122. Be5 Kf8 123. f6 Re1 124. Kf5 Rf1+ 125. Bf4 Rf2 126. Kg4 Rf1 127. Bxh6+ Kg8 128. Bf4 Kf8 129. Bd6+ Kg8 130. f7+ Rxf7 131. Bxf7+ Kxf7 132. Kg5 1-0

[Event "EOBCC 2020"]
[Site "Online"]
[Date "2020.12.18"]
[Round "3.40"]
[White "Krallis, Christos"]
[Black "Heimann, Andreas"]
[Result "1-0"]
[WhiteElo "2442"]
[BlackElo "2606"]
[PlyCount "47"]
[EventDate "2020.12.18"]
[EventType "tourn"]
[EventCountry "NET"]

1. d4 Nf6 2. c4 e6 3. Nf3 d5 4. g3 Bb4+ 5. Bd2 Be7 6. Bg2 O-O 7. O-O c6 8. Qc2 a5 9. Bg5 Nbd7 10. Rd1 h6 11. Bxf6 Nxf6 12. Nbd2 b5 13. b3 bxc4 14. bxc4 Ba6 15. Ne5 Rc8 16. Qa4 Bd6 17. Nd3 Nd7 18. Rab1 dxc4 19. Nxc4 Bb5 20. Qc2 Bxc4 21. Qxc4 c5 22. dxc5 Nxc5 23. Nxc5 Rxc5 24. Qa6 1-0

[Event "EOBCC 2020"]
[Site "Online"]
[Date "2020.12.18"]
[Round "3.41"]
[White "Studer, Noel"]
[Black "Gabdrakhmanov, Azat"]
[Result "0-1"]
[WhiteElo "2582"]
[BlackElo "2319"]
[PlyCount "94"]
[EventDate "2020.12.18"]
[EventType "tourn"]
[EventCountry "NET"]

1. d4 Nf6 2. c4 g6 3. Nc3 Bg7 4. e4 O-O 5. h3 d6 6. Be3 Na6 7. g4 c5 8. Nge2 cxd4 9. Nxd4 Nc5 10. Bg2 h5 11. g5 Nh7 12. Qd2 a6 13. O-O Bd7 14. Rac1 Rc8 15. f4 e5 16. Nf3 exf4 17. Bxf4 Re8 18. Rfe1 Ne6 19. Be3 Rxc4 20. h4 Qb8 21. Bf2 Nc5 22. Nd4 Na4 23. Nd5 Rxc1 24. Qxc1 Nc5 25. Qd2 Bc6 26. Nxc6 bxc6 27. Nb4 Ne6 28. Nxc6 Qb5 29. Qxd6 Bf8 30. Qd5 Qxb2 31. Bg3 Rc8 32. Ne5 Rc2 33. Bh3 Bc5+ 34. Kh1 Qc3 35. Qd7 Nhxg5 36. hxg5 Nxg5 37. Bh2 Qxh3 38. Qxh3 Nxh3 39. Rf1 Nf2+ 40. Kg2 Ng4+ 41. Kg3 Nxh2 42. Rxf7 Bd6 43. Rd7 Bxe5+ 44. Kh4 Bf6+ 45. Kh3 Ng4 46. Kg3 Be5+ 47. Kf3 Rf2# 0-1

[Event "EOBCC 2020"]
[Site "Online"]
[Date "2020.12.18"]
[Round "3.42"]
[White "Hurdzan, Tomas"]
[Black "Sychev, Klementy"]
[Result "0-1"]
[WhiteElo "2317"]
[BlackElo "2572"]
[PlyCount "62"]
[EventDate "2020.12.18"]
[EventType "tourn"]
[EventCountry "NET"]

1. c4 g6 2. d4 Nf6 3. Nf3 Bg7 4. g3 d5 5. cxd5 Nxd5 6. Bg2 Nb6 7. O-O Nc6 8. e3 e5 9. Nc3 exd4 10. exd4 O-O 11. Bf4 Be6 12. Re1 Rb8 13. Qd2 Nc4 14. Qc2 Nb4 15. Qe2 b5 16. Rad1 Nd5 17. Bg5 Qc8 18. Ne4 Bf5 19. Nc5 Re8 20. Qxe8+ Qxe8 21. Rxe8+ Rxe8 22. b3 Nc3 23. Ra1 Na3 24. Bd2 Ne2+ 25. Kf1 Nxd4 26. Nxd4 Bxd4 27. Rc1 Nc2 28. Ne4 Bxe4 29. Bxe4 Rxe4 30. Rxc2 c5 31. Kg2 Kf8 0-1

[Event "EOBCC 2020"]
[Site "Online"]
[Date "2020.12.18"]
[Round "3.43"]
[White "Mchedlishvili, Mikheil"]
[Black "Svane, Frederik"]
[Result "0-1"]
[WhiteElo "2570"]
[BlackElo "2421"]
[PlyCount "90"]
[EventDate "2020.12.18"]
[EventType "tourn"]
[EventCountry "NET"]

1. d4 Nf6 2. Bg5 e6 3. e4 h6 4. Bxf6 Qxf6 5. c3 d5 6. Nd2 c5 7. Ngf3 Nc6 8. Bb5 Bd7 9. exd5 exd5 10. O-O cxd4 11. Nxd4 Be7 12. Re1 O-O 13. N2f3 Bc5 14. Nb3 Qd6 15. Nxc5 Qxc5 16. Bxc6 bxc6 17. Qd4 Qxd4 18. cxd4 Rfe8 19. Ne5 Rad8 20. f3 f6 21. Nd3 Kf7 22. Nc5 Bf5 23. Kf2 Rb8 24. Rxe8 Kxe8 25. b3 g5 26. Re1+ Kf7 27. Rc1 Ke7 28. h4 Kd6 29. Rh1 g4 30. fxg4 Bxg4 31. Re1 Rg8 32. Re3 h5 33. Nd3 Rb8 34. Re1 Bf5 35. Nc5 Rg8 36. g3 Rg4 37. Rd1 Bg6 38. Rd2 Be4 39. Rd1 f5 40. Rg1 f4 41. gxf4 Rxf4+ 42. Ke3 Rxh4 43. Rg7 Bf5 44. Rxa7 Rg4 45. Re7 Kxe7 0-1

[Event "EOBCC 2020"]
[Site "Online"]
[Date "2020.12.18"]
[Round "3.45"]
[White "Hjartarson, Johann"]
[Black "Paszewski, Mateusz"]
[Result "1-0"]
[WhiteElo "2525"]
[BlackElo "2302"]
[PlyCount "63"]
[EventDate "2020.12.18"]
[EventType "tourn"]
[EventCountry "NET"]

1. e4 c6 2. d4 d5 3. Nd2 dxe4 4. Nxe4 Nf6 5. Nxf6+ exf6 6. c3 Bd6 7. Bd3 O-O 8. Ne2 Re8 9. Qc2 h5 10. O-O h4 11. Be3 Nd7 12. Rae1 Nf8 13. a3 h3 14. g3 Qa5 15. Qd2 Qh5 16. f3 Bf5 17. c4 Bxd3 18. Qxd3 Rad8 19. Nc3 f5 20. Bf2 Ne6 21. d5 Ng5 22. Rxe8+ Rxe8 23. dxc6 Nxf3+ 24. Kh1 Ne5 25. Qd1 Ng4 26. Bxa7 Bb8 27. Qd7 Nf6 28. Qxb7 Bxa7 29. c7 Ne4 30. c8=Q Nf2+ 31. Rxf2 Rxc8 32. Qxc8+ 1-0

[Event "EOBCC 2020"]
[Site "Online"]
[Date "2020.12.18"]
[Round "3.46"]
[White "Van Foreest, Jorden"]
[Black "Gurbanov, Andrei"]
[Result "1-0"]
[WhiteElo "2671"]
[BlackElo "2289"]
[PlyCount "55"]
[EventDate "2020.12.18"]
[EventType "tourn"]
[EventCountry "NET"]

1. Nf3 d5 2. g3 Nf6 3. Bg2 c6 4. O-O Bg4 5. c4 Nbd7 6. d3 e6 7. Qb3 Qb6 8. Be3 dxc4 9. dxc4 Bc5 10. Bxc5 Nxc5 11. Qa3 a5 12. Nbd2 Qb4 13. Qe3 a4 14. Ne5 Bf5 15. h3 O-O 16. g4 Bg6 17. h4 Rad8 18. Ndf3 Be4 19. h5 Na6 20. g5 Bxf3 21. Bxf3 Nd7 22. Rad1 Nxe5 23. Qxe5 Qc5 24. Qf4 e5 25. Qg3 Qxc4 26. Qxe5 Qxa2 27. h6 Qe6 28. Qxg7# 1-0

[Event "EOBCC 2020"]
[Site "Online"]
[Date "2020.12.18"]
[Round "3.47"]
[White "Bauer, Christian"]
[Black "Grunberg, Mihai-Lucian"]
[Result "1-0"]
[WhiteElo "2639"]
[BlackElo "2401"]
[PlyCount "83"]
[EventDate "2020.12.18"]
[EventType "tourn"]
[EventCountry "NET"]

1. d4 f5 2. Bg5 g6 3. e3 Bg7 4. h4 Nf6 5. h5 Ne4 6. Bf4 c5 7. c3 cxd4 8. exd4 Nc6 9. Nf3 d5 10. Bb5 Bd7 11. Qb3 e6 12. Nbd2 O-O 13. hxg6 hxg6 14. Bxc6 bxc6 15. Qc2 c5 16. Be5 cxd4 17. cxd4 Rc8 18. Qd3 Qa5 19. Qe3 Bxe5 20. Nxe5 Qxd2+ 21. Qxd2 Nxd2 22. Kxd2 Be8 23. Rac1 Bf7 24. Rc5 Rxc5 25. dxc5 Rc8 26. b4 Be8 27. Rc1 Kg7 28. f4 Kf6 29. c6 g5 30. g3 gxf4 31. gxf4 Ke7 32. b5 Kd6 33. Kc3 Kc7 34. Kb4 Kb6 35. a4 a5+ 36. Kc3 Bh5 37. Rh1 Be2 38. Kd4 Bxb5 39. Rb1 Ka6 40. axb5+ Kb6 41. Nd7+ Kc7 42. Kc5 1-0

[Event "EOBCC 2020"]
[Site "Online"]
[Date "2020.12.18"]
[Round "3.48"]
[White "Lazov, Toni"]
[Black "Yilmaz, Mustafa"]
[Result "0-1"]
[WhiteElo "2405"]
[BlackElo "2630"]
[PlyCount "120"]
[EventDate "2020.12.18"]
[EventType "tourn"]
[EventCountry "NET"]

1. e4 c6 2. d4 d5 3. e5 Bf5 4. Nd2 e6 5. Nb3 a6 6. Nf3 c5 7. Nxc5 Bxc5 8. dxc5 Qa5+ 9. c3 Qxc5 10. Nd4 Bg6 11. Be3 Qc7 12. f4 Nc6 13. Qa4 Rc8 14. Nxc6 Qxc6 15. Qxc6+ Rxc6 16. Rg1 h5 17. g3 Ne7 18. O-O-O Be4 19. Bf2 Kd7 20. h3 Rc7 21. Rd4 Nc6 22. Ra4 Rb8 23. Bb6 Rcc8 24. Kd2 Ne7 25. Be2 g6 26. Ba7 Ra8 27. Bb6 Rc6 28. Bf2 Rh8 29. Rb4 Kc7 30. a4 a5 31. Rb5 b6 32. Rb3 Kb7 33. Bb5 Rc7 34. Be2 Nc8 35. Ke3 Ka7 36. Kd2 Rb7 37. Rb5 Kb8 38. b4 axb4 39. cxb4 Rd8 40. Bd4 Rdd7 41. a5 bxa5 42. bxa5 Rxb5 43. Bxb5 Rb7 44. Bd3 Rb4 45. Bc3 Ra4 46. Bxe4 dxe4 47. g4 hxg4 48. hxg4 Ne7 49. Rb1+ Kc7 50. Rb4 Rxb4 51. Bxb4 Nd5 52. Bd6+ Kb7 53. Ke2 Ka6 54. Kf2 Kxa5 55. Kg3 Kb5 56. Bb8 Kc4 57. Ba7 Kd3 58. Kf2 e3+ 59. Kf3 e2 60. Bf2 Kd2 0-1

[Event "EOBCC 2020"]
[Site "Online"]
[Date "2020.12.18"]
[Round "3.49"]
[White "Meier, Georg"]
[Black "Globus, Or"]
[Result "1/2-1/2"]
[WhiteElo "2628"]
[BlackElo "2399"]
[PlyCount "115"]
[EventDate "2020.12.18"]
[EventType "tourn"]
[EventCountry "NET"]

1. Nf3 Nf6 2. g3 g6 3. Bg2 Bg7 4. O-O O-O 5. d4 d6 6. b3 b5 7. Bb2 Bb7 8. Nbd2 Nbd7 9. c4 bxc4 10. bxc4 Rb8 11. Qc2 e6 12. Rab1 c5 13. e3 cxd4 14. exd4 Qc7 15. Ba3 Rfc8 16. Rb3 Bc6 17. Qd3 Ba4 18. Rbb1 a6 19. Rfc1 Rxb1 20. Rxb1 d5 21. c5 Bb5 22. Qe3 Ng4 23. Qe1 Qa5 24. Qc1 e5 25. h3 Nxf2 26. Kxf2 e4 27. Bb4 Qc7 28. Qe1 exf3 29. Nxf3 Nf6 30. Kg1 Ne4 31. g4 Re8 32. Qe3 Ng3 33. Ne5 Ne2+ 34. Kh1 Nxd4 35. Qxd4 Rxe5 36. Qf2 Bc6 37. Bc3 Re6 38. Bxg7 Kxg7 39. Qd4+ Qe5 40. Qxe5+ Rxe5 41. Rb6 Bb5 42. Rd6 d4 43. c6 Rc5 44. Rxd4 Bxc6 45. Bxc6 Rxc6 46. Ra4 g5 47. Kg2 h6 48. Ra5 Kf6 49. h4 gxh4 50. Kh3 Kg6 51. Kxh4 f6 52. Kg3 Re6 53. Kf4 Rb6 54. a3 Re6 55. Rf5 Rb6 56. Ra5 Re6 57. Rf5 Rb6 58. Ra5 1/2-1/2

[Event "EOBCC 2020"]
[Site "Online"]
[Date "2020.12.18"]
[Round "3.50"]
[White "Piesik, Piotr"]
[Black "Petrosyan, Manuel"]
[Result "0-1"]
[WhiteElo "2400"]
[BlackElo "2628"]
[PlyCount "24"]
[EventDate "2020.12.18"]
[EventType "tourn"]
[EventCountry "NET"]

1. Nf3 d5 2. g3 Nc6 3. Bg2 e5 4. d3 Be6 5. O-O Qd7 6. Nbd2 f6 7. e4 d4 8. Nh4 Nge7 9. f4 exf4 10. gxf4 O-O-O 11. Nb3 Ng6 12. Qh5 Bg4 0-1